000 01256nam a2200361 i 4500
003 CO-BoRNBP
005 20230126111602.0
007 ta
008 211025s2021 ck ||er ||| 00| f spa d
020 _a9789584298287
040 _aCO-BoRNBP
_bspa
_erda
_cCO-MqBPB
041 0 _aspa
043 _as-ck---
084 _aN ROJ2
100 1 _aRojas Herazo, Héctor
_d1921-2002
_eautor
_9200136
245 1 0 _aRespirando el verano
_cHéctor Rojas Herazo
250 _aEdición especial
264 1 _aBogotá, Colombia
_bEditorial Planeta Colombiana
_bSeix Barral
_c2021
300 _a228 páginas
_c23 cm
336 _atexto
_btxt
_2rdacontent
337 _asin mediación
_bn
_2rdamedia
338 _avolumen
_bnc
_2rdacarrier
490 0 _aPlan Nacional de Lectura y Escritura Leer es mi Cuento / Ministerio de Cultura
490 0 _aSeix Barral. Biblioteca Breve
521 _aRecomendado para un público adulto
650 1 7 _aNovela colombiana
_ySiglo XX
_2LEMB
_9200137
650 1 7 _aLiteratura colombiana
_ySiglo XX
_2LEMB
_9200138
650 1 7 _aAutores colombianos
_ySiglo XX
_2LEMB
_9200139
650 1 7 _aVerano
_vNovela
_2LEMB
_9196770
650 1 7 _aVida familiar
_vNovela
_2LEMB
_9129425
650 1 7 _aViviendas
_vNovela
_2LEMB
_9196771
942 _cBKLIT
999 _c14780
_d14780